000 01047cam a2200193 4500
001 X104078
008 000000n1999 000 0 eng u
035 _a(Sirsi) u104078
245 _aWindsor and Maidenhead RBC and Amalgamated Berkshire Holdings Ltd
260 _c1999
490 _aPlanning Appeal Decisions
_v[1999] 14 PAD 699-704(6)
520 _aOffice buildings - demolition and erection - car parking - whether a major business development - policies of restraint - vitality of shopping area - character and appearance of area - size and scale of building - structure plan - town map - draft local plan - town centre commercial boundary - secondary shopping area - lawful uses of site - Class B1 offices - loss of retail uses - PPG6 (headnote from journal)
650 _aWINDSOR AND MAIDENHEAD RBC AND AMALGAMATED BERKSHIRE HOLDINGS LTD
650 _aPLANNING POLICY GUIDANCE NOTE SIX
650 _aTOWN CENTRE
650 _aOFFICE BUILDINGS
690 _aENVIRONMENTAL AND LAND CONSULTANCY-PLANNING AND DEVELOPMENT
942 _n0
999 _c62458
_d62458